Čipová kríza v automobilovom priemysle z pohľadu účtovníctva diplomová práca

Guardado en:
Detalles Bibliográficos
Autor principal: Vereš, Andrej
Autor Corporativo: Fakulta hospodárskej informatiky EU. Katedra účtovníctva a audítorstva
Otros Autores: Ballová, Martina, 1985-
Formato: Libro
Lenguaje:eslovaco
Publicado: Bratislava 2023
Etiquetas: Agregar Etiqueta
Sin Etiquetas, Sea el primero en etiquetar este registro!

MARC

LEADER 00000nbm a2200000 4500
001 0294089
005 20240412124307.4
041 0 |a slo 
044 |a SK 
245 1 0 |a Čipová kríza v automobilovom priemysle z pohľadu účtovníctva  |b diplomová práca  |c Andrej Vereš ; školiteľ: Martina Ballová 
264 1 |a Bratislava  |c 2023 
300 |a 60 s. 
100 1 |a Vereš, Andrej 
700 1 |a Ballová, Martina, 1985- 
710 2 |a Fakulta hospodárskej informatiky EU. Katedra účtovníctva a audítorstva